| Tag |
First Indicator |
Second Indicator |
Subfields |
| LEADER |
00000cam a2200000 4500 |
| 001 |
in00000049767 |
| 005 |
20151007073743.0 |
| 008 |
770908s1955 njua b 00000 eng c |
| 010 |
|
|
|a a 57007300
|
| 035 |
|
|
|a (OCoLC)03251448
|
| 035 |
|
|
|9 AAF0310AM
|
| 040 |
|
|
|a Wisconsin. Univ. Libr.
|c OCP
|d TXA
|d UtOrBLW
|
| 049 |
|
|
|a TXAM
|c [272367]
|
| 090 |
|
|
|a HE5620.J8
|b N49 1955
|
| 092 |
|
|
|a 629.28
|b N569d
|
| 110 |
2 |
|
|a New York University.
|b Division of General Education.
|b Center for Safety Education.
|
| 245 |
1 |
0 |
|a Driver education ;
|b a student's manual and workbook /
|c prepared by J. Duke Elkow [and others].
|
| 264 |
|
1 |
|a Englewood Cliffs, N.J. :
|b Prentice-Hall,
|c 1955.
|
| 300 |
|
|
|a vii, 164 pages :
|b illustrations ;
|c 28 cm.
|
| 336 |
|
|
|a text
|b txt
|2 rdacontent
|
| 337 |
|
|
|a unmediated
|b n
|2 rdamedia
|
| 338 |
|
|
|a volume
|b nc
|2 rdacarrier
|
| 504 |
|
|
|a Bibliography: pages 163-164.
|
| 650 |
|
0 |
|a Teenage automobile drivers.
|
| 700 |
1 |
|
|a Elkow, J. Duke.
|
| 999 |
|
|
|a MARS
|
| 999 |
f |
f |
|s 500c2901-c0bb-3e57-88cb-4ef0ffb28e41
|i 7c7aae0c-8146-38d8-b514-3f35faa171dd
|t 0
|
| 952 |
f |
f |
|p ric
|a Texas A&M University
|b Rellis Campus
|c Joint Library Facility
|d Remote Storage
|t 0
|e HE5620.J8 N49 1955
|h Library of Congress classification
|i unmediated -- volume
|m A14801050932
|
| 998 |
f |
f |
|a HE5620.J8 N49 1955
|t 0
|l Remote Storage
|